000 00444nmm a2200157Ia 4500
008 251105s9999||||xx |||||||||||||||||und||
020 _a9788415608912
041 _aspa
100 _aElo, Elisabeth
245 0 _aLa mujer que nunca tenía frío
264 _a[Madrid, España] :
_bAlevosía,
_c2015
300 _a424 páginas
650 _aNorth American narrative
856 _uhttps://public.digitaliapublishing.com/a/31844
942 _cCF
999 _c76902
_d76902